000 00628nam a22001577a 4500
003 OSt
005 20241122105036.0
008 241122b |||||||| |||| 00| 0 eng d
040 _cCentral University Library
245 _aThe Ghana Law Reports 2010-2012 :
_bVOLUME 1 /
_cActing Editor: Joyce N N Oku (MS); Barrister-at-Law. Solicitor of the Supreme Court
260 _aAccra, Ghana
_bCouncil for Law Reporting
_c2015
300 _axxxiv, 740 pages
_c25 cm
500 _aCases determined by the High Court, the Court of Appeal and the Supreme Court of the Republic of Ghana.
650 _2Law Reports
_xGhana
942 _2lcc
_cBK
_n0
999 _c1418
_d1418